000
00180 a2200097 4500
020
_a
9780822566267
041
_a
spa
100
_a
Sandra Markle
245
_a
Los Lobos
942
_c
BK
999
_c
14137
_d
14137